export_success — 

The Oil & gas directory 2011.

Bibliographic Details
Format: Book
Published: Houston: The Oil & Gas Directory, 2010.
Edition:41st ed.
Subjects:
LEADER 00555cam a2200157 7i4500
001 0000026116
005 20110601090000.0
090 0 0 |a I 338.27   |b OIL 
245 0 0 |a The Oil & gas directory 2011. 
250 0 0 |a 41st ed. 
260 0 0 |a Houston:   |b The Oil & Gas Directory,   |c 2010. 
300 # # |a 588 p. 
650 0 0 |a Petroleum industry and trade --   |x Directories --   |z United States of America  
650 0 0 |a Gas industry --   |x Directories --   |z United States of America  
651 0 0 |a United States of America  
999 |a B000028543  |b Directories  |c Countries  |e Business Information Centre